Manažment hluku v pracovnom prostredí

Bibliographic Details
Main Author: Flimel, Marián (Author)
Format: Book
Language:Slovak
PhysicalDescription:81 s. fotogr., grafy, ilustr., tab. 21 cm
Published: Prešov Fakulta výrobných technológií 2013
ISBN:9788080862305
Edition:1. vyd.
Subjects:

MARC

LEADER 00000nam a2200000 a 4500
001 vtls010584381
003 SK-MaSNL
005 20260301133705.0
008 240318s2013 xo dka 000 0 slo
015 |a SNBA2014/09 
020 |a 9788080862305  |q (brož.) 
035 |a A4C6CE6C-0F37-4167-A7BE-F438C8780536 
035 |a urn:nbn:sk:snk-am3h669 
035 |a urn:nbn:sk:snk-am008k0w 
040 |a SNK  |b slo  |c SNK  |e AACR2 
041 0 |a slo 
044 |a xo  |c SK 
072 7 |a 005  |x Manažment. Riadenie  |2 konspekt 
072 7 |a 613  |x Hygiena. Ľudské zdravie  |2 konspekt 
080 |a 005.934  |2 2001 
080 |a 613.644  |2 2001 
080 |a 331.4  |2 2001 
080 |a 331.47  |2 2001 
080 |a (048.8)  |2 2001 
080 |a 614  |2 2001 
100 1 |a Flimel, Marián  |4 aut  |9 21423 
245 1 0 |a Manažment hluku v pracovnom prostredí  |c Marián Flimel 
250 |a 1. vyd. 
260 |a Prešov  |b Fakulta výrobných technológií  |c 2013 
300 |a 81 s.  |b fotogr., grafy, ilustr., tab.  |c 21 cm 
366 |e 500 výt 
504 |a Bibliogr.: s. 77-81 
650 0 7 |a bezpečnostný manažment  |2 SNKPH  |9 927 
650 0 7 |a Safety management  |2 SNKPHeng  |9 276238 
650 0 7 |a hluk  |x zdravotné aspekty  |2 SNKPH  |9 418766 
650 0 7 |a Noise  |x health aspects  |2 SNKPHeng  |9 418767 
650 0 7 |a pracovné prostredie  |2 SNKPH  |9 1299 
650 0 7 |a Work environment  |2 SNKPHeng  |9 308093 
650 0 7 |a ochrana zdravia  |2 SNKPH  |9 1135 
650 0 7 |a Industrial health  |2 SNKPHeng  |9 428972 
655 7 |a monografie  |2 SNKPH  |9 70139 
655 7 |a Monographs  |2 SNKPHeng  |9 120675 
710 2 |a Technická univerzita v Košiciach.  |b Fakulta výrobných technológií v Prešove  |4 pbl  |9 176111 
852 |a Štátna vedecká knižnica v Banskej Bystrici 
919 |a 978-8-08086-230-5 
958 |a NB 
999 |c 754439  |d 756369 
952 |a SNK  |b SNK  |y PREZ  |7 0  |p 17A1115966  |o snkSC 160950  |i snk2014/19144  |8 0  |0 0  |1 0  |4 0  |d 2014-09-19  |f 1  |l 0  |r 2025-08-25 00:00:00  |w 2026-02-23 
952 |a SNK  |b SNK  |y VYP  |7 0  |p 17A1115967  |o snkSC 160950 D1  |i snk2014/19145  |8 0  |0 0  |1 0  |4 0  |d 2014-09-19  |l 0  |r 2026-02-23 23:44:44  |w 2026-02-23